Statistics for World leaders by pictures

Click here to take the quiz!

General Stats

  • This quiz has been taken 19 times
  • The average score is 45 of 196

Answer Stats

Answer% Correct
Russia
100%
Canada
93%
Turkey
93%
United States
93%
Venezuela
93%
France
87%
North Korea
87%
Taiwan
80%
United Kingdom
80%
China
73%
Azerbaijan
67%
Brazil
67%
India
67%
Indonesia
67%
Syria
67%
Bangladesh
60%
El Salvador
60%
Germany
60%
Japan
60%
Argentina
53%
Belarus
53%
Egypt
53%
Italy
53%
Netherlands
53%
Saudi Arabia
53%
Vatican City
53%
Afghanistan
47%
Hungary
47%
Iran
47%
Kyrgyzstan
47%
Monaco
47%
Poland
47%
Suriname
47%
Ukraine
47%
Greece
40%
Israel
40%
Jordan
40%
Maldives
40%
Mauritania
40%
Serbia
40%
Bahrain
33%
Democratic Republic of the Congo
33%
Estonia
33%
Grenada
33%
Iraq
33%
Kosovo
33%
Belgium
27%
Ecuador
27%
Mexico
27%
Panama
27%
Portugal
27%
Slovakia
27%
Somalia
27%
Spain
27%
United Arab Emirates
27%
Armenia
20%
Bhutan
20%
Brunei
20%
Chile
20%
Comoros
20%
Cuba
20%
Gabon
20%
Guatemala
20%
Iceland
20%
Ireland
20%
Kazakhstan
20%
Kuwait
20%
Latvia
20%
Niger
20%
Oman
20%
Philippines
20%
Qatar
20%
Seychelles
20%
Sierra Leone
20%
South Africa
20%
South Korea
20%
Sri Lanka
20%
Sweden
20%
Switzerland
20%
Tanzania
20%
Trinidad and Tobago
20%
Tunisia
20%
Albania
13%
Andorra
13%
Antigua and Barbuda
13%
Australia
13%
Austria
13%
Bahamas
13%
Belize
13%
Botswana
13%
Burkina Faso
13%
Burundi
13%
Cambodia
13%
Cameroon
13%
Colombia
13%
Czech Republic
13%
Denmark
13%
Dominican Republic
13%
Federated States of Micronesia
13%
Finland
13%
Haiti
13%
Honduras
13%
Jamaica
13%
Kiribati
13%
Laos
13%
Lithuania
13%
Malawi
13%
Moldova
13%
Montenegro
13%
Morocco
13%
Mozambique
13%
Nicaragua
13%
North Macedonia
13%
Pakistan
13%
Papua New Guinea
13%
Romania
13%
Rwanda
13%
Senegal
13%
Singapore
13%
Togo
13%
Turkmenistan
13%
Uruguay
13%
Vietnam
13%
Zambia
13%
Algeria
7%
Angola
7%
Barbados
7%
Benin
7%
Bolivia
7%
Bosnia and Herzegovina
7%
Bulgaria
7%
Cape Verde
7%
Central African Republic
7%
Chad
7%
Costa Rica
7%
Croatia
7%
Cyprus
7%
Djibouti
7%
Dominica
7%
East Timor
7%
Equatorial Guinea
7%
Eritrea
7%
Eswatini
7%
Ethiopia
7%
Fiji
7%
Gambia
7%
Georgia
7%
Ghana
7%
Guinea
7%
Guinea Bissau
7%
Guyana
7%
Ivory Coast
7%
Kenya
7%
Lebanon
7%
Lesotho
7%
Liberia
7%
Libya
7%
Liechtenstein
7%
Luxembourg
7%
Madagascar
7%
Malaysia
7%
Mali
7%
Malta
7%
Marshall Islands
7%
Mauritius
7%
Mongolia
7%
Myanmar
7%
Namibia
7%
Nauru
7%
Nepal
7%
New Zealand
7%
Nigeria
7%
Norway
7%
Palau
7%
Paraguay
7%
Peru
7%
Republic of the Congo
7%
Saint Kitts and Nevis
7%
Saint Lucia
7%
Saint Vincent and the Grenadines
7%
Samoa
7%
San Marino
7%
São Tomé and Príncipe
7%
Slovenia
7%
Solomon Islands
7%
South Sudan
7%
Sudan
7%
Tajikistan
7%
Thailand
7%
Tonga
7%
Tuvalu
7%
Uganda
7%
Uzbekistan
7%
Vanuatu
7%
Yemen
7%
Zimbabwe
7%

Score Distribution

Percentile by Number Answered

Percent of People with Each Score

Your Score History

You have not taken this quiz